Studies in Indian Legal & Constitutional History : (Record no. 6646)
[ view plain ]
| 000 -LEADER | |
|---|---|
| fixed length control field | 00488nam a22001817a 4500 |
| 003 - CONTROL NUMBER IDENTIFIER | |
| control field | BUBTL |
| 008 - FIXED-LENGTH DATA ELEMENTS--GENERAL INFORMATION | |
| fixed length control field | 220127b ||||| |||| 00| 0 eng d |
| 082 ## - DEWEY DECIMAL CLASSIFICATION NUMBER | |
| Classification number | 342.54/ R19s |
| 100 ## - MAIN ENTRY--PERSONAL NAME | |
| 9 (RLIN) | 4501 |
| Personal name | Rau, Ms Rama |
| 245 ## - TITLE STATEMENT | |
| Title | Studies in Indian Legal & Constitutional History : |
| Remainder of title | Ms Rama Rau |
| 250 ## - EDITION STATEMENT | |
| Edition statement | 1st |
| 260 ## - PUBLICATION, DISTRIBUTION, ETC. (IMPRINT) | |
| Place of publication, distribution, etc. | Delhi |
| Name of publisher, distributor, etc. | Allahabad Law Agency |
| 300 ## - PHYSICAL DESCRIPTION | |
| Extent | 273p. : |
| Other physical details | 21cm |
| 650 #0 - SUBJECT ADDED ENTRY--TOPICAL TERM | |
| 9 (RLIN) | 2102 |
| Topical term or geographic name as entry element | Law |
| 856 ## - ELECTRONIC LOCATION AND ACCESS | |
| Password | 0 |
| Logon | 0 |
| Link text | Download |
| 942 ## - ADDED ENTRY ELEMENTS (KOHA) | |
| Source of classification or shelving scheme | |
| Koha item type | Books |
| Withdrawn status | Lost status | Source of classification or shelving scheme | Damaged status | Not for loan | Collection code | Permanent location | Current location | Shelving location | Date acquired | Source of acquisition | Inventory number | Total Checkouts | Full call number | Barcode | Date last seen | Copy number | Price effective from | Koha item type |
|---|---|---|---|---|---|---|---|---|---|---|---|---|---|---|---|---|---|---|
| Not For Loan | Non-fiction | Bangladesh University of Business and Technology Library | Bangladesh University of Business and Technology Library | Law Stacks | 03/22/2016 | Purchase | 22041 | 342.54/ R19s | BUBTL-200322041 | 01/27/2022 | C-1 | 01/27/2022 | Books | |||||
| Non-fiction | Bangladesh University of Business and Technology Library | Bangladesh University of Business and Technology Library | Law Stacks | 03/22/2016 | Purchase | 22042 | 342.54/ R19s | BUBTL-200322042 | 01/27/2022 | C-2 | 01/27/2022 | Books | ||||||
| Non-fiction | Bangladesh University of Business and Technology Library | Bangladesh University of Business and Technology Library | Law Stacks | 03/22/2016 | Purchase | 22043 | 342.54/ R19s | BUBTL-200322043 | 01/27/2022 | C-3 | 01/27/2022 | Books |
